000 00664nam a2200217Ia 4500
008 191130s2000##################000#0#eng##
020 _a9780761963868
022 _a2001273139
040 _aACL
_cACL
082 _a306 COU
100 _aCouldry, Nick
245 _aInside culture : re-imagining the method of cultural studies
_cNick Couldry
260 _aThousand Oaks, CA
_bSage
_c2000
300 _ax, 166 p. : ill. ; 24 cm
500 _aIncludes bibliographical references (p. [145]-161) and index
650 _aCulture
650 _aCulture - Study and teaching
990 _a01131a3cac10000c4d5e027563a91b27
991 _a16362
999 _c215795
_d215795